| 000 | 00000nam 2200000za 4500 |
| 001 | 9.569481 |
| 003 | CaOODSP |
| 005 | 20210624181805 |
| 007 | cr ||||||||||| |
| 008 | 150406s1984||||onc #o f|0| 0 eng d |
| 040 | |aCaOODSP|beng |
| 043 | |an-cn--- |
| 086 | 1 |aNH18-1/59-1984E-PDF |
| 245 | 00|aIndoor air pollution and housing technology |h[electronic resource] : |bsummary report / |cby Energy Pathways Inc. |
| 246 | 15|aSummary report, indoor air pollution and housing technology |
| 260 | |aOttawa : |bCanada Mortgage and Housing Corporation |c[1984]. |
| 300 | |a22 p. |
| 490 | 1 |aResearch report |
| 500 | |aCover title. |
| 504 | |aIncludes bibliographical references. |
| 520 | |a"This report summarizes a study conducted by Bruce M. Small and Associates Limited for Canada Mortgage and Housing Corporation under Part V of the National Housing Act". |
| 590 | |a11-06-Supp|b2011-04-14 |
| 710 | 2 |aEnergy Pathways Inc. |
| 710 | 2 |aCanada Mortgage and Housing Corporation. |
| 775 | 08|tRapport abrégé - Pollution de l'air des habitations et technologies résidentielle |w(CaOODSP)9.846865 |
| 830 | #0|aResearch report (Canada Mortgage and Housing Corporation : Online)|w(CaOODSP)9.506068 |
| 856 | 40|ahttp://publications.gc.ca|qPDF|s1.2 MB|uhttps://publications.gc.ca/collections/collection_2011/schl-cmhc/nh18-1/NH18-1-59-1984-eng.pdf |